Breve visión de la Historia de la Iglesia en el Uruguay
Đã lưu trong:
| Những tác giả chính: | , , , |
|---|---|
| Định dạng: | Sách |
| Ngôn ngữ: | Tiếng Tây Ban Nha |
| Được phát hành: |
Montevideo
OBSUR
1993
Montevideo Librería San Pablo 1993 |
| Loạt: | Investigaciones
|
| Những chủ đề: | |
| Các nhãn: |
Thêm thẻ
Không có thẻ, Là người đầu tiên thẻ bản ghi này!
|
MARC
| LEADER | 00000nam a2200000 a 4500 | ||
|---|---|---|---|
| 001 | UCG0484 | ||
| 003 | CL-VaPUC | ||
| 008 | 100325e19930000UY |||||||||||||||||spa|d | ||
| 082 | 0 | 4 | |a 278.9 |b BAZ |2 21 |
| 100 | 0 | |a Bazzano, Daniel |e author |9 547917 | |
| 700 | 0 | |a Vener, Carlos |e author |9 547918 | |
| 700 | 0 | |a Martínez, Alvaro |e author |9 547919 | |
| 700 | 0 | |a Carrere, Héctor |e author |9 547920 | |
| 245 | 1 | 0 | |a Breve visión de la Historia de la Iglesia en el Uruguay |
| 300 | |a 146 p | ||
| 942 | |c BK | ||
| 945 | |d 20100325 00:00:00 |a cmena | ||
| 260 | |a Montevideo |b OBSUR |c 1993 | ||
| 260 | |a Montevideo |b Librería San Pablo |c 1993 | ||
| 650 | 0 | |a Historia de la iglesia |9 257565 | |
| 650 | 0 | |a Derecho eclesiástico |9 255055 | |
| 651 | 0 | |a Uruguay |9 255194 | |
| 583 | |a last modification |c 20121217 09:25:25 |k Rodrigo Vera | ||
| 490 | 0 | |a Investigaciones | |
| 999 | |c 340106 |d 340104 | ||
| 952 | |0 0 |1 0 |4 0 |6 278_900000000000000_BAZ_1993_1993 |7 0 |8 DER_HDC |9 434617 |a BIBDER |b BIBDER |d 2019-11-22 |i 4656180 |o 278.9 BAZ 1993 1993 |p 4656180 |r 2023-01-25 |w 2019-11-22 |x Ubicación 4to Piso |y BK |z Estos recursos deben solicitarse con anticipación |k DER | ||